000 00582nam a22001937a 4500
005 20260128150927.0
010 _aENG-147687
020 _a9789391384777
_c395.00
035 _aEN-131219
037 _bDBAD
082 _21
_aN
100 _aDarwin, Charles
_986978
245 _aOn the Origin of Species/
_cCharles Darwin
250 _a1
260 _aEast Delhi
_bPharos Books
_c2023
270 _aPlot No. -63 Main Mother Dairy Road Pandav Nagar, East Delhi
_bEast Delhi
_e110092
_k011-403958555
_msales@pharosbooks.in
300 _a436p.
_c21cm(pb)
942 _2ddc
_cEN
_mDAR
_hN
999 _c214592
_d214592